Statistics for Countries by Partial Flag Images #6

Click here to take the quiz!

General Stats

  • This quiz has been taken 8,805 times
  • The average score is 13 of 16

Answer Stats

HintAnswer% Correct
HTML tutorial Italy
99%
HTML tutorial Slovakia
97%
HTML tutorial Czech Republic
95%
HTML tutorial Cuba
93%
HTML tutorial Bahrain
89%
HTML tutorial Kyrgyzstan
85%
HTML tutorial Liberia
84%
HTML tutorial Libya
84%
HTML tutorial Peru
84%
HTML tutorial Brunei
83%
HTML tutorial Liechtenstein
83%
HTML tutorial Lithuania
83%
HTML tutorial Micronesia
77%
HTML tutorial Eritrea
72%
HTML tutorial Vanuatu
66%
HTML tutorial Oman
61%

Score Distribution

Percentile by Number Answered

Percent of People with Each Score

Your Score History

You have not taken this quiz